This is the rope : a story from the Great ... Read More
Available copies
- 2 of 2 copies available at LARL/NWRL Consortium. (Show)
- 2 of 2 copies available at Lake Agassiz Regional Library.
Current holds
0 current holds with 2 total copies.
Show Only Available Copies
| Location | Call Number / Copy Notes | Barcode | Shelving Location | Status | Due Date |
|---|---|---|---|---|---|
| Crookston Public Library | E W (Text) | 33500011592789 | Main | Available | - |
| Moorhead Public Library | E W (Text) | 33500011592771 | Main | Available | - |
Record details
- ISBN: 9780399239861
- ISBN: 0399239863
- Physical Description: pages cm
- Publisher: New York, NY : Nancy Paulsen Books, an imprint of Penguin Group (USA) Inc., 2013
Content descriptions
| Summary, etc.: | A rope passed down through the generations frames ... Read More |
Search for related items by subject
| LDR | 01744cam a22004338i 4500 | ||
|---|---|---|---|
| 001 | 154234 | ||
| 003 | LARL_NWRL_CONSORTIUM | ||
| 005 | 20130709091151.0 | ||
| 008 | 120926s2013 nyu b 000 1 eng | ||
| 010 | . | ‡a2012036569 | |
| 020 | . | ‡a9780399239861 | |
| 020 | . | ‡a0399239863 | |
| 035 | . | ‡a(OCoLC)811337462 | |
| 040 | . | ‡aDLC ‡beng ‡erda ‡cDLC ‡dOCLCO ‡dYDXCP ‡dBTCTA ‡dBDX ‡dOCLCQ | |
| 042 | . | ‡alcac ‡apcc | |
| 050 | 0 | 0. | ‡aPZ7.W868 ‡bTh 2013 |
| 082 | 0 | 0. | ‡a[E] ‡223 |
| 100 | 1 | . | ‡aWoodson, Jacqueline. ‡0(LARL_NWRL_CONSORTIUM)97676 |
| 245 | 1 | 0. | ‡aThis is the rope : ‡ba story from the Great Migration / ‡cJacqueline Woodson ; illustrated by James Ransome. |
| 260 | . | ‡aNew York, NY : ‡bNancy Paulsen Books, an imprint of Penguin Group (USA) Inc., ‡c2013 | |
| 300 | . | ‡apages cm | |
| 336 | . | ‡atext ‡btxt ‡2rdacontent | |
| 337 | . | ‡aunmediated ‡bn ‡2rdamedia | |
| 338 | . | ‡avolume ‡bnc ‡2rdacarrier | |
| 520 | . | ‡aA rope passed down through the generations frames an African American family's story as they journey north during the time of the Great Migration. | |
| 650 | 0. | ‡aAfrican Americans ‡xMigrations ‡vJuvenile fiction. | |
| 650 | 0. | ‡aAfrican Americans ‡xHistory ‡vJuvenile fiction. | |
| 650 | 1. | ‡aAfrican Americans ‡xMigrations ‡vFiction. | |
| 650 | 1. | ‡aAfrican Americans ‡xHistory ‡vFiction. | |
| 650 | 1. | ‡aFamilies ‡vFiction. ‡0(LARL_NWRL_CONSORTIUM)164942 | |
| 650 | 1. | ‡aRope ‡vFiction. | |
| 700 | 1 | . | ‡aRansome, James, ‡eillustrator. ‡0(LARL_NWRL_CONSORTIUM)98221 |
| 948 | . | ‡hNO HOLDINGS IN LAL - 17 OTHER HOLDINGS | |
| 994 | . | ‡aZ0 ‡bLAL | |
| 901 | . | ‡a154234 ‡bOCLC ‡c154234 ‡tbiblio | |

Add to basket
Permalink
Disable Highlighting